| 000 | 00537nam a2200241Ia 4500 | ||
|---|---|---|---|
| 008 | 210210b2003 xxu||||| |||| 00| 0 eng d | ||
| 020 | _a8170337747 | ||
| 041 | _aeng | ||
| 082 | _a300.72 DEVS | ||
| 100 | _aDE VAUS (D A) | ||
| 245 | _aSurveys in social research Ed 5 | ||
| 250 | _a | ||
| 260 |
_aJaipur _bRawat Publications _c2003 |
||
| 300 | _axviii,379 | ||
| 650 | _aSurveys | ||
| 650 | _asocial | ||
| 650 | _aresearch | ||
| 650 | _ain | ||
| 650 | _aEd | ||
| 650 | _a5 | ||
| 690 | _aSocial Research | ||
| 906 | _a067221 | ||
| 999 |
_c149590 _d149590 |
||